[Event "C.to Italiano Semifinale"]
[Site "Civitanova Marche ITA"]
[Date "2012.07.17"]
[Round "4"]
[White "Gilevych, Artem"]
[Black "Sbarra, Marco"]
[WhiteElo "2303"]
[BlackElo "2271"]
[Result "1/2-1/2"]
[PlyCount "57"]
[EventDate "2012.07.15"]

1. Nf3 d5 2. d4 Nf6 3. c4 e6 4. g3 dxc4 5. Qa4+ c6 6. Qxc4 b5 7. Qc2 Bb7 8. Bg2
Nbd7 9. Nc3 a6 10. Bg5 c5 11. dxc5 Bxc5 12. O-O Rc8 13. a3 h6 14. Bd2 O-O 15.
Rad1 Qb6 16. b4 Be7 17. Qb1 Rc4 18. Rc1 Rfc8 19. Be3 Qc7 20. Na2 Be4 21. Qa1
Qb7 22. Rxc4 Rxc4 23. Rc1 Rxc1+ 24. Nxc1 Nb6 25. Nd3 Nc4 26. Bd4 Qa8 27. a4
bxa4 28. Qxa4 Qc6 29. Qxc6 1/2-1/2

[Event "C.to Italiano Semifinale"]
[Site "Civitanova Marche ITA"]
[Date "2012.07.17"]
[Round "4"]
[White "Lantini, Marco"]
[Black "Spornberger, Maximilian"]
[WhiteElo "2153"]
[BlackElo "2226"]
[Result "0-1"]
[PlyCount "124"]
[EventDate "2012.07.15"]

1. d4 g6 2. Nf3 Bg7 3. c4 d6 4. Nc3 Bg4 5. e3 c5 6. dxc5 Bxc3+ 7. bxc3 dxc5 8.
Qxd8+ Kxd8 9. Ng5 Ke8 10. h3 Bd7 11. Ne4 b6 12. Bd3 Nc6 13. f4 Rd8 14. Ke2 Na5
15. Nd2 Nf6 16. Nb3 Nh5 17. Re1 Nb7 18. g4 Ng3+ 19. Kf2 Bc6 20. Kxg3 Rxd3 21.
Kf2 Rxc3 22. Bb2 Rc2+ 23. Re2 Rxe2+ 24. Kxe2 Rf8 25. a4 a5 26. Nd2 Kd7 27. e4
f5 28. exf5 gxf5 29. g5 Ke6 30. h4 Be8 31. Be5 Nd6 32. Kd3 Bf7 33. Rh1 Rd8 34.
Kc2 Bh5 35. Rb1 Rb8 36. Nf1 Bf3 37. Nd2 Bh5 38. Nf1 Rb7 39. Ng3 Bf3 40. Kc3
Ne4+ 41. Nxe4 fxe4 42. Kd2 Kf5 43. Rb2 Kg4 44. Ke3 Rd7 45. Rd2 Rb7 46. Rd8 Kxh4
47. Bc3 Kg4 48. Rd5 e6 49. Rd6 Bg2 50. Rd1 Kf5 51. Be5 Kg6 52. Kf2 Bf3 53. Rd8
Kh5 54. Rd6 Bg4 55. Ke3 Bf5 56. Bf6 h6 57. gxh6 Kxh6 58. Bd8 Rg7 59. Bg5+ Kg6
60. Rxb6 Rh7 61. Bd8 Rh3+ 62. Ke2 Rh4 0-1

[Event "C.to Italiano Semifinale"]
[Site "Civitanova Marche ITA"]
[Date "2012.07.17"]
[Round "4"]
[White "Lattanzio, Savino"]
[Black "De Nisi, Roberta"]
[WhiteElo "2089"]
[BlackElo "1975"]
[Result "1-0"]
[PlyCount "105"]
[EventDate "2012.07.15"]

1. e4 e6 2. d4 d5 3. Nd2 Nf6 4. e5 Nfd7 5. Bd3 c5 6. c3 Nc6 7. Ne2 cxd4 8. cxd4
Qb6 9. Nf3 Be7 10. O-O f6 11. Nf4 Nb4 12. Bb1 g5 13. exf6 gxf4 14. fxe7 Qd6 15.
Re1 Nc6 16. Ne5 Nf6 17. Bxf4 Qxe7 18. Bf5 O-O 19. Ng4 Ne4 20. Bxe4 Rxf4 21.
Bxd5 Qg7 22. Bxc6 Rxg4 23. Be4 Rb8 24. g3 Bd7 25. d5 exd5 26. Qxd5+ Kh8 27.
Rad1 Bc6 28. Qd8+ Qf8 29. Qxf8+ Rxf8 30. Bxc6 bxc6 31. Rc1 Rg6 32. Re7 Rgf6 33.
f4 Rg6 34. Rd1 a5 35. Rdd7 h6 36. Ra7 Rb8 37. b3 Rb5 38. Re8+ Rg8 39. Rxg8+
Kxg8 40. Rc7 Rc5 41. Kg2 Rc2+ 42. Kh3 Rxa2 43. Rxc6 Kg7 44. Rc4 Rb2 45. Ra4
Rxb3 46. Rxa5 Rb2 47. g4 Rb3+ 48. Kh4 Rf3 49. f5 Kf6 50. Ra6+ Kg7 51. Ra7+ Kg8
52. Kh5 Rf4 53. h4 1-0

[Event "C.to Italiano Semifinale"]
[Site "Civitanova Marche ITA"]
[Date "2012.07.17"]
[Round "4"]
[White "Pipitone, Antonio"]
[Black "Xia, Jie"]
[WhiteElo "1942"]
[BlackElo "2301"]
[Result "1-0"]
[PlyCount "53"]
[EventDate "2012.07.15"]

1. e4 c5 2. Nf3 Nc6 3. d4 cxd4 4. Nxd4 g6 5. c4 Bg7 6. Be3 Nf6 7. Nc3 O-O 8.
Be2 d6 9. h3 Bd7 10. O-O Nxd4 11. Bxd4 Bc6 12. f4 a5 13. Bf3 Nd7 14. Bxg7 Kxg7
15. Qd4+ Kg8 16. Kh2 Qb6 17. Qd2 Qb4 18. Qe2 Nb6 19. Nd5 Bxd5 20. cxd5 Rac8 21.
Rac1 Na4 22. Bg4 Rxc1 23. Rxc1 f5 24. Rc4 Qb5 25. exf5 Nb6 26. Qe6+ Kg7 27.
Qxe7+ 1-0

[Event "C.to Italiano Semifinale"]
[Site "Civitanova Marche ITA"]
[Date "2012.07.17"]
[Round "4"]
[White "Piscopo, Pierluigi"]
[Black "Paltrinieri, Nicholas"]
[WhiteElo "2360"]
[BlackElo "2172"]
[Result "1/2-1/2"]
[PlyCount "71"]
[EventDate "2012.07.15"]

1. e4 e6 2. d4 d5 3. Nd2 dxe4 4. Nxe4 Bd7 5. Nf3 Bc6 6. Bd3 Nd7 7. O-O Ngf6 8.
Ned2 Nb6 9. Re1 Bd6 10. c4 Bf4 11. d5 O-O 12. Bxh7+ Nxh7 13. dxc6 Bxd2 14. Bxd2
Nxc4 15. cxb7 Rb8 16. Bb4 Nd6 17. Qd4 Rxb7 18. Bc3 Nf5 19. Qe4 Rb5 20. Rad1 Nd6
21. Qd4 Nf6 22. Qxa7 Nd5 23. Qd4 Nf5 24. Qc4 Qb8 25. a4 Rb3 26. Rxd5 exd5 27.
Qxd5 Nd6 28. Nd4 Rxc3 29. bxc3 Re8 30. Rf1 Ne4 31. Nc6 Qa8 32. a5 Nxc3 33. Qc4
Ne2+ 34. Kh1 Re6 35. Nb4 Qxa5 36. h3 1/2-1/2

[Event "C.to Italiano Semifinale"]
[Site "Civitanova Marche ITA"]
[Date "2012.07.17"]
[Round "4"]
[White "Rombaldoni, Axel"]
[Black "Martorelli, Antonio"]
[WhiteElo "2479"]
[BlackElo "2219"]
[Result "1-0"]
[PlyCount "125"]
[EventDate "2012.07.15"]

1. d4 Nf6 2. g3 g6 3. Bg2 Bg7 4. e4 d6 5. Nc3 O-O 6. Nge2 Nc6 7. h3 e5 8. Be3
Bd7 9. O-O Qc8 10. Kh2 exd4 11. Nxd4 Re8 12. Re1 a6 13. f4 Nxd4 14. Bxd4 Bc6
15. Qd3 Re6 16. Nd5 Bxd5 17. exd5 Rxe1 18. Rxe1 Qd7 19. Qc3 Nh5 20. Bxg7 Nxg7
21. Qb4 b6 22. Bf1 h5 23. Qc3 h4 24. g4 Qa4 25. Qc4 Qd7 26. Kg2 Re8 27. Rxe8+
Qxe8 28. Kf2 Qe7 29. Qd4 a5 30. Bb5 Kf8 31. c3 Kg8 32. a4 Kh7 33. Qe3 Qf6 34.
Ke2 Kg8 35. Kd2 Kf8 36. Kd3 Qd8 37. Kc4 f5 38. g5 Nh5 39. Qd4 Kf7 40. Kb3 Qe7
41. Qh8 Nxf4 42. Qh7+ Kf8 43. Qh8+ Kf7 44. Qxh4 Nh5 45. Bd3 Qe5 46. Qc4 Qe7 47.
Ka3 Kg8 48. Qa6 Nf4 49. Bf1 Qf7 50. h4 Kg7 51. Qb7 Qe7 52. Kb3 Qf7 53. Kc4 Qd7
54. Qc6 Qf7 55. b4 Qe7 56. Kb5 Qe1 57. Qxc7+ Kg8 58. Bc4 Qxc3 59. Qxd6 Qe3 60.
Qd8+ Kh7 61. d6 Qe5+ 62. Ka6 Qg7 63. d7 1-0

[Event "C.to Italiano Semifinale"]
[Site "Civitanova Marche ITA"]
[Date "2012.07.17"]
[Round "4"]
[White "Scalcione, Michelangelo"]
[Black "Rettore, Ludwig"]
[WhiteElo "2346"]
[BlackElo "2119"]
[Result "1-0"]
[PlyCount "95"]
[EventDate "2012.07.15"]

1. Nf3 d5 2. d4 e6 3. c4 Nf6 4. Nc3 c5 5. cxd5 exd5 6. g3 Nc6 7. Bg2 Be7 8. Bg5
cxd4 9. Nxd4 h6 10. Bf4 O-O 11. O-O a6 12. Rc1 Re8 13. Nxc6 bxc6 14. Na4 Qa5
15. Be3 Rb8 16. b3 Bd7 17. Rc2 Ba3 18. Bd4 Ne4 19. f3 Nd6 20. g4 Nb5 21. Bf2
Bd6 22. Bc5 Be5 23. f4 Bf6 24. e4 Nc3 25. Qd2 Bxg4 26. Rxc3 Bxc3 27. Qxc3 Qxc3
28. Nxc3 dxe4 29. Nxe4 a5 30. Rc1 f5 31. Ng3 Rbd8 32. h3 Bd1 33. Bf2 Rd2 34.
Bxc6 Red8 35. Nxf5 Rxa2 36. Bd5+ Rxd5 37. Ne7+ Kf7 38. Nxd5 Bxb3 39. Nc3 Rd2
40. Be3 Rd6 41. Kf2 a4 42. Ne4 Ra6 43. Rc7+ Kg6 44. Bd4 Kf5 45. Ng3+ Ke6 46.
Bxg7 a3 47. Ne4 Ra8 48. Nc5+ 1-0

[Event "C.to Italiano Semifinale"]
[Site "Civitanova Marche ITA"]
[Date "2012.07.17"]
[Round "4"]
[White "Vezzosi, Paolo"]
[Black "Contin, Daniel"]
[WhiteElo "2293"]
[BlackElo "2346"]
[Result "0-1"]
[PlyCount "106"]
[EventDate "2012.07.15"]

1. Nf3 Nf6 2. d4 e6 3. g3 b5 4. a4 b4 5. Bg2 Bb7 6. O-O Na6 7. Nbd2 Be7 8. c4
bxc3 9. bxc3 c5 10. Bb2 Rb8 11. Rb1 O-O 12. Ba1 Qc7 13. e3 Bc6 14. Rxb8 Rxb8
15. Ne5 Bxg2 16. Kxg2 d6 17. Nec4 d5 18. Ne5 Nd7 19. Nxd7 Qxd7 20. Qc2 Rb6 21.
Rb1 Qc6 22. Rxb6 axb6 23. Kg1 cxd4 24. exd4 Bf6 25. Qb3 h5 26. Bb2 e5 27. Nf1
h4 28. Ne3 Nc7 29. Qd1 Bg5 30. Nf1 h3 31. Qg4 Ne6 32. Qxh3 exd4 33. cxd4 Qc2
34. Ba3 Qxa4 35. Bd6 Qxd4 36. Qh5 b5 37. h4 Bf6 38. Ne3 b4 39. Qxd5 Qxd5 40.
Nxd5 b3 41. Nxf6+ gxf6 42. Ba3 Nc5 43. Bb2 Kg7 44. g4 Nd3 45. Bc3 b2 46. Bxb2
Nxb2 47. Kg2 Nd3 48. Kg3 Kg6 49. f3 f5 50. Kg2 f4 51. Kf1 Ne5 52. Kg2 f6 53.
Kf2 f5 0-1

[Event "C.to Italiano Semifinale"]
[Site "Civitanova Marche ITA"]
[Date "2012.07.17"]
[Round "4"]
[White "Viviani, Alessio"]
[Black "Stella, Luca"]
[WhiteElo "2093"]
[BlackElo "2134"]
[Result "1/2-1/2"]
[PlyCount "71"]
[EventDate "2012.07.15"]

1. d4 Nf6 2. c4 g6 3. Nf3 Bg7 4. g3 d5 5. cxd5 Nxd5 6. Bg2 Nb6 7. Nc3 Nc6 8. e3
O-O 9. O-O e5 10. d5 Na5 11. e4 c6 12. d6 Re8 13. b3 Bf8 14. Ba3 Nd7 15. Qd2 b6
16. Rfd1 Nb7 17. Bh3 a6 18. Rac1 c5 19. Qd5 Nf6 20. d7 Nxd5 21. Rxd5 Bd6 22.
dxc8=Q Rxc8 23. Bxc8 Qxc8 24. Rd3 Kg7 25. Nd5 b5 26. Bb2 h6 27. Ne3 Qe6 28. Rd5
f6 29. Rcd1 Bb8 30. Nh4 Nd6 31. Rxd6 Bxd6 32. Rxd6 Qc8 33. f4 Re6 34. fxe5 Rxd6
35. exd6 Qe6 36. Nd5 1/2-1/2

[Event "C.to Italiano Semifinale"]
[Site "Civitanova Marche ITA"]
[Date "2012.07.18"]
[Round "5"]
[White "Andreoni, Giuseppe"]
[Black "Di Trapani, Davide"]
[WhiteElo "2119"]
[BlackElo "2072"]
[Result "1-0"]
[PlyCount "79"]
[EventDate "2012.07.15"]

1. e4 e5 2. Bc4 Nc6 3. Nc3 Nf6 4. d3 Bc5 5. f4 d6 6. Nf3 a6 7. f5 Na5 8. Bg5 c6
9. Qe2 b5 10. Bb3 Nxb3 11. axb3 Bb7 12. O-O-O Qe7 13. Rhf1 a5 14. Kb1 a4 15. b4
Bxb4 16. d4 Bxc3 17. bxc3 O-O 18. g4 exd4 19. Bxf6 Qxf6 20. g5 Qd8 21. f6 dxc3
22. fxg7 Re8 23. g6 hxg6 24. Qe3 Qa5 25. Rd4 Kxg7 26. Nh4 Re5 27. Qf4 Qc7 28.
Qf6+ Kg8 29. Nf5 gxf5 30. Rg1+ Kf8 31. Rxd6 Rae8 32. Qg7+ Ke7 33. Qxe5+ Kf8 34.
Qg7+ Ke7 35. Qf6+ Kf8 36. Qh6+ Ke7 37. Qg5+ Kxd6 38. Rd1+ Kc5 39. Qe3+ Kb4 40.
Qd4+ 1-0

[Event "C.to Italiano Semifinale"]
[Site "Civitanova Marche ITA"]
[Date "2012.07.18"]
[Round "5"]
[White "Borgiani, Flavio"]
[Black "Viviani, Alessio"]
[WhiteElo "2148"]
[BlackElo "2093"]
[Result "0-1"]
[PlyCount "68"]
[EventDate "2012.07.15"]

1. d4 Nf6 2. Nf3 g6 3. c4 Bg7 4. Nc3 c5 5. e4 cxd4 6. Nxd4 d6 7. Be2 O-O 8. O-O
Nc6 9. Nc2 Be6 10. f4 Rc8 11. Be3 Na5 12. b3 a6 13. f5 Bd7 14. fxg6 hxg6 15.
Nb4 Nc6 16. Nd3 Qa5 17. Rc1 b5 18. e5 dxe5 19. b4 Qa3 20. cxb5 Nd4 21. Nc5 Qxb4
22. Nxa6 Qb2 23. Bxd4 exd4 24. Rc2 Qa3 25. Qxd4 Bf5 26. Nb1 Qa5 27. Rxc8 Rxc8
28. Bc4 Ng4 29. Bxf7+ Kf8 30. Qf4 Be5 31. Qf3 Qb6+ 32. Kh1 Nxh2 33. Qb3 Nxf1
34. Bg8 Ng3+ 0-1

[Event "C.to Italiano Semifinale"]
[Site "Civitanova Marche ITA"]
[Date "2012.07.18"]
[Round "5"]
[White "Bruno, Fabio"]
[Black "Collutiis, Duilio"]
[WhiteElo "2423"]
[BlackElo "2508"]
[Result "1/2-1/2"]
[PlyCount "30"]
[EventDate "2012.07.15"]

1. Nf3 Nf6 2. c4 g6 3. Nc3 Bg7 4. g3 O-O 5. Bg2 d6 6. O-O e5 7. d4 Nbd7 8. h3
c6 9. Be3 Re8 10. Rc1 Qe7 11. b4 Bf8 12. Qb3 exd4 13. Nxd4 Nb6 14. a3 Bg7 15.
Rcd1 Nh5 1/2-1/2

[Event "C.to Italiano Semifinale"]
[Site "Civitanova Marche ITA"]
[Date "2012.07.18"]
[Round "5"]
[White "Cocuzzi, Edoardo"]
[Black "Lantini, Marco"]
[WhiteElo "1993"]
[BlackElo "2153"]
[Result "0-1"]
[PlyCount "84"]
[EventDate "2012.07.15"]

1. e4 e5 2. Bc4 Nf6 3. d3 c6 4. a3 Be7 5. h3 O-O 6. Ne2 d5 7. exd5 cxd5 8. Bb3
Nbd7 9. O-O b6 10. f4 e4 11. dxe4 dxe4 12. Ng3 Ba6 13. Re1 Bc5+ 14. Be3 Qc7 15.
Bxc5 Nxc5 16. Qc1 e3 17. Nc3 Nxb3 18. cxb3 Qxf4 19. Qxe3 Qxe3+ 20. Rxe3 Rfe8
21. Rae1 Rxe3 22. Rxe3 Kf8 23. b4 Rd8 24. b5 Bb7 25. Kf2 g6 26. Nge4 Nxe4+ 27.
Nxe4 Re8 28. Nd6 Rxe3 29. Kxe3 Bxg2 30. Nc8 Bxh3 31. Nxa7 Bd7 32. b4 Ke7 33. a4
Kd6 34. a5 Kc7 35. a6 h5 36. Kd4 h4 37. Ke3 g5 38. Kf3 f5 39. Nc6 g4+ 40. Kf4
h3 41. a7 Kb7 42. Nd4 h2 0-1

[Event "C.to Italiano Semifinale"]
[Site "Civitanova Marche ITA"]
[Date "2012.07.18"]
[Round "5"]
[White "Contin, Daniel"]
[Black "Rombaldoni, Axel"]
[WhiteElo "2346"]
[BlackElo "2479"]
[Result "0-1"]
[PlyCount "62"]
[EventDate "2012.07.15"]

1. d4 e6 2. e4 d5 3. exd5 exd5 4. c4 Nf6 5. Nc3 Bb4 6. Nf3 O-O 7. cxd5 Nxd5 8.
Qb3 Re8+ 9. Be2 Bg4 10. Be3 Nc6 11. O-O Nxe3 12. fxe3 Rxe3 13. d5 Bxc3 14. bxc3
Na5 15. Qb4 Bh5 16. Rae1 b6 17. Qf4 Qe7 18. Nd4 Bg6 19. Ne6 Re4 20. Qxc7 Rxe6
21. Qxe7 Rxe7 22. Bb5 Rxe1 23. Rxe1 Kf8 24. d6 Rd8 25. Re7 a6 26. Bxa6 Rxd6 27.
Re2 Rd1+ 28. Kf2 Bd3 29. Rb2 Bxa6 30. Rxb6 Rd2+ 31. Kg3 Bb7 0-1

[Event "C.to Italiano Semifinale"]
[Site "Civitanova Marche ITA"]
[Date "2012.07.18"]
[Round "5"]
[White "Dappiano, Andrea"]
[Black "Bonafede, Alessandro"]
[WhiteElo "2180"]
[BlackElo "2351"]
[Result "0-1"]
[PlyCount "112"]
[EventDate "2012.07.15"]

1. c4 f5 2. g3 Nf6 3. Bg2 g6 4. Nc3 Bg7 5. d3 d6 6. e4 O-O 7. Nge2 a5 8. O-O
Na6 9. h3 c6 10. Be3 e5 11. f4 Be6 12. Rc1 fxe4 13. Nxe4 Nxe4 14. dxe4 Qe7 15.
Qd2 Nc5 16. b3 b6 17. Rcd1 Rad8 18. g4 exf4 19. Bxf4 Rxf4 20. Nxf4 Be5 21. Nxe6
Nxe6 22. Qe3 c5 23. Kh1 Kg7 24. Rd5 h6 25. Qd2 Qh4 26. Qf2 Qxf2 27. Rxf2 Nd4
28. Bf3 Rf8 29. Kg2 Ne6 30. Bd1 Nf4+ 31. Rxf4 Rxf4 32. Bf3 Kf6 33. Rd1 Kg5 34.
Re1 Rf6 35. Rf1 Kf4 36. Re1 Bc3 37. Rc1 Bd2 38. Rf1 Ke3 39. Bd1 Rxf1 40. Kxf1
Bc3 41. h4 g5 42. h5 Kd2 43. Bf3 Be5 44. Kf2 Kc2 45. Ke2 a4 46. bxa4 Kc3 47.
Ke3 Bf4+ 48. Kf2 Kxc4 49. Bd1 Kd3 50. Kf3 c4 51. Be2+ Kd4 52. Bd1 Kc3 53. Be2
Kd4 54. Bd1 Be5 55. Bc2 Kc3 56. Bd1 Kd2 0-1

[Event "C.to Italiano Semifinale"]
[Site "Civitanova Marche ITA"]
[Date "2012.07.18"]
[Round "5"]
[White "De Nisi, Roberta"]
[Black "Astengo, Marcello"]
[WhiteElo "1975"]
[BlackElo "2033"]
[Result "0-1"]
[PlyCount "62"]
[EventDate "2012.07.15"]

1. d4 d5 2. c4 c6 3. Nc3 e6 4. cxd5 exd5 5. Bf4 Qb6 6. Qd2 Nf6 7. a3 Bf5 8. e3
Nbd7 9. Be2 Be7 10. Na4 Qb3 11. Bd1 Qb5 12. Nc3 Qb6 13. Nge2 O-O 14. O-O Rad8
15. b4 a5 16. Na4 Ne4 17. Qb2 Qa7 18. f3 Nd6 19. Bxd6 Bxd6 20. e4 dxe4 21. Bc2
Rfe8 22. Nac3 exf3 23. Bxf5 fxe2 24. Nxe2 Nf6 25. Kh1 Qb8 26. g3 axb4 27. axb4
Bxb4 28. Qxb4 Rxe2 29. Rfb1 Nd5 30. Qxb7 Re1+ 31. Kg2 Qxb7 0-1

[Event "C.to Italiano Semifinale"]
[Site "Civitanova Marche ITA"]
[Date "2012.07.18"]
[Round "5"]
[White "Fagnani, Alessandro"]
[Black "Costantini, Roberto"]
[WhiteElo "1981"]
[BlackElo "2289"]
[Result "0-1"]
[PlyCount "78"]
[EventDate "2012.07.15"]

1. e4 c5 2. Nf3 Nc6 3. d4 cxd4 4. Nxd4 Qb6 5. Nxc6 bxc6 6. Nc3 e5 7. Bc4 Ba6 8.
Bb3 Nf6 9. Bg5 Be7 10. Qd2 Qd4 11. O-O-O Qxd2+ 12. Rxd2 d6 13. Ba4 Rc8 14. Bxf6
gxf6 15. Nd5 Kf8 16. Ne3 Bb7 17. Bb3 Rd8 18. Rhd1 f5 19. exf5 d5 20. Kb1 Bg5
21. Rd3 h5 22. Nf1 Bc8 23. Rc3 Rh6 24. Ba4 Bb7 25. Nd2 Rdd6 26. Nb3 Bd8 27. Nc5
Bc8 28. Nd3 e4 29. Nc5 Bb6 30. f3 e3 31. b4 d4 32. Rc4 Bxf5 33. Kc1 a5 34.
Rcxd4 Rxd4 35. Rxd4 axb4 36. Nd7+ Bxd7 37. Rxd7 Re6 38. Rd1 e2 39. Re1 Be3+ 0-1

[Event "C.to Italiano Semifinale"]
[Site "Civitanova Marche ITA"]
[Date "2012.07.18"]
[Round "5"]
[White "Fioravanti, Diego"]
[Black "Vezzosi, Paolo"]
[WhiteElo "2117"]
[BlackElo "2293"]
[Result "0-1"]
[PlyCount "82"]
[EventDate "2012.07.15"]

1. d4 Nf6 2. c4 e6 3. Nf3 c5 4. e3 a6 5. Nc3 d5 6. dxc5 Bxc5 7. cxd5 exd5 8.
Bd3 O-O 9. h3 Nc6 10. O-O Re8 11. a3 b5 12. b4 Bb6 13. Bb2 Bb7 14. Ne2 Ne4 15.
Ned4 Ne7 16. Rc1 Ng6 17. Nf5 f6 18. Qb3 Qd7 19. Bxe4 Rxe4 20. N3d4 Ree8 21.
Rfd1 Ne5 22. e4 Nc4 23. exd5 Nxb2 24. Qxb2 Qxd5 25. Ne3 Qg5 26. h4 Qe5 27. Qb3+
Kf8 28. Nc6 Qe6 29. Qxe6 Rxe6 30. Nd4 Re5 31. Ndf5 Rc8 32. Nd6 Rxc1 33. Rxc1
Rxe3 34. Nxb7 Rxa3 35. Re1 Ra2 36. Nc5 Bxc5 37. bxc5 a5 38. c6 Rc2 39. Ra1 a4
40. Rb1 a3 41. Kh2 a2 0-1

[Event "C.to Italiano Semifinale"]
[Site "Civitanova Marche ITA"]
[Date "2012.07.18"]
[Round "5"]
[White "Gagliardi, Christian"]
[Black "Cocchi, Andrea"]
[WhiteElo "2209"]
[BlackElo "2319"]
[Result "1/2-1/2"]
[PlyCount "102"]
[EventDate "2012.07.15"]

1. d4 e6 2. e4 d5 3. Nc3 Bb4 4. e5 Qd7 5. Qg4 Bf8 6. Nge2 h5 7. Qh3 c5 8. f4
Ne7 9. dxc5 Na6 10. Be3 Nc6 11. Qg3 Nxc5 12. Bxc5 Bxc5 13. Qxg7 Rf8 14. O-O-O
Qc7 15. Qh7 Bd7 16. Qxh5 Be3+ 17. Kb1 O-O-O 18. Qf3 d4 19. Nb5 Nxe5 20. Nxa7+
Kb8 21. fxe5 Qxe5 22. Rd3 Kxa7 23. Ra3+ Kb8 24. Rb3 Qc7 25. Qe4 Bc6 26. Qd3 Rh8
27. h4 f5 28. Qd1 Be4 29. Nc1 Rc8 30. Nd3 Qg3 31. Rh3 Qg7 32. Qe1 Qc7 33. Qd1
Rh6 34. Nb4 e5 35. g3 Rb6 36. Bd3 Bxd3 37. Nxd3 Rxb3 38. axb3 e4 39. Nb4 Qc5
40. c3 dxc3 41. bxc3 Qe5 42. Na2 Bf2 43. h5 e3 44. Nc1 Rxc3 45. h6 f4 46. h7
Rc8 47. h8=Q Rxh8 48. Rxh8+ Qxh8 49. Qd6+ Ka8 50. Qa3+ Kb8 51. Qd6+ Ka8 1/2-1/2

[Event "C.to Italiano Semifinale"]
[Site "Civitanova Marche ITA"]
[Date "2012.07.18"]
[Round "5"]
[White "Innocenti, Giovanni"]
[Black "Bentivegna, Francesco"]
[WhiteElo "2021"]
[BlackElo "2299"]
[Result "0-1"]
[PlyCount "112"]
[EventDate "2012.07.15"]

1. e4 d5 2. exd5 Qxd5 3. Nc3 Qa5 4. Bc4 Nf6 5. d3 Bg4 6. f3 Bd7 7. Bd2 Qb6 8.
Qe2 e6 9. O-O-O Nc6 10. Na4 Qd4 11. f4 O-O-O 12. Nf3 Qd6 13. Qf2 Ng4 14. Qg1
Nd4 15. Nxd4 Bxa4 16. h3 Nf6 17. Nb5 Bxb5 18. Bxb5 Kb8 19. Bc4 Nd5 20. Qf2 Be7
21. g4 Qc6 22. Rhf1 h5 23. Bxd5 Qxd5 24. Kb1 hxg4 25. hxg4 Bf6 26. g5 Bd4 27.
Be3 Bxe3 28. Qxe3 Rh2 29. Rd2 Rdh8 30. Rdf2 a5 31. Qf3 Qxf3 32. Rxf3 Rg2 33.
Rc1 g6 34. a4 Rhh2 35. Rff1 Kc8 36. Rh1 Rxc2 37. Rxc2 Rxh1+ 38. Ka2 Rh3 39. Rc3
Rf3 40. Rc5 b6 41. Rc4 Rxd3 42. Kb1 c5 43. Kc2 Rd5 44. Re4 Kd7 45. Kc3 Kc6 46.
Kc4 Rf5 47. b3 Rd5 48. Kc3 Rd1 49. Kc4 Rf1 50. Kc3 Rf3+ 51. Kc2 Kd6 52. Kb2 Kd5
53. Rc4 Rd3 54. Rc2 Ke4 55. Rf2 Kf5 56. Rf1 Rd4 0-1

[Event "C.to Italiano Semifinale"]
[Site "Civitanova Marche ITA"]
[Date "2012.07.18"]
[Round "5"]
[White "Martorelli, Antonio"]
[Black "Piscopo, Pierluigi"]
[WhiteElo "2219"]
[BlackElo "2360"]
[Result "0-1"]
[PlyCount "88"]
[EventDate "2012.07.15"]

1. e4 c5 2. Nf3 d6 3. d4 Nf6 4. Nc3 cxd4 5. Nxd4 Bd7 6. Bg5 e6 7. Qd2 a6 8.
O-O-O b5 9. f3 h6 10. Be3 b4 11. Nce2 e5 12. Nf5 Bxf5 13. exf5 d5 14. f4 e4 15.
h3 h5 16. Bd4 Nbd7 17. g3 Nb6 18. Rg1 Nc4 19. Qe1 Nb6 20. Qd2 Nc4 21. Qe1 Qa5
22. Kb1 Bc5 23. Nc1 Bxd4 24. Rxd4 Rc8 25. Rg2 Qb6 26. Nb3 a5 27. Bxc4 Rxc4 28.
Qf2 O-O 29. Rxc4 e3 30. Qe2 dxc4 31. Qxc4 Rd8 32. Nc1 Rd1 33. Re2 Qd6 34. a4
Qd2 35. Ka2 Qxc1 36. Qc5 Rd5 37. Qxe3 Qxe3 38. Rxe3 Rxf5 39. c4 h4 40. gxh4
Rxf4 41. Kb3 Ne4 42. Kc2 Rxh4 43. b3 g6 44. Rd3 Rh5 0-1

[Event "C.to Italiano Semifinale"]
[Site "Civitanova Marche ITA"]
[Date "2012.07.18"]
[Round "5"]
[White "Mortola, Alberto"]
[Black "Lattanzio, Savino"]
[WhiteElo "1989"]
[BlackElo "2089"]
[Result "1/2-1/2"]
[PlyCount "98"]
[EventDate "2012.07.15"]

1. e4 c5 2. c3 Nf6 3. e5 Nd5 4. d4 cxd4 5. cxd4 Nc6 6. Nf3 d6 7. Bc4 Nb6 8. Bb3
dxe5 9. Nxe5 Nxe5 10. dxe5 Qxd1+ 11. Bxd1 Be6 12. Nc3 O-O-O 13. O-O Bc4 14. Re1
e6 15. Bg5 Rd7 16. Rc1 Kb8 17. Na4 Bb4 18. Re4 Rc8 19. Nxb6 axb6 20. Ba4 Rdc7
21. h3 Ba5 22. Bd8 Rxd8 23. Rexc4 Rxc4 24. Rxc4 Bd2 25. Kf1 Rd3 26. Rc2 Ba5 27.
Re2 b5 28. Bc2 Rd4 29. f3 g5 30. Re4 Rxe4 31. fxe4 Bc7 32. Bd1 Bxe5 33. Bh5 f5
34. Bf7 fxe4 35. Bxe6 h6 36. Ke2 Bd4 37. Bd5 e3 38. b3 Kc7 39. Bf3 b6 40. Bg4
Kd6 41. Bf3 Ke5 42. Bh5 Kf4 43. Bf3 b4 44. Bd5 Kg3 45. Bf3 Bc5 46. Bd5 h5 47.
Bf3 g4 48. hxg4 hxg4 49. Bd5 Kf4 1/2-1/2

[Event "C.to Italiano Semifinale"]
[Site "Civitanova Marche ITA"]
[Date "2012.07.18"]
[Round "5"]
[White "Paltrinieri, Nicholas"]
[Black "Altini, Nicola"]
[WhiteElo "2172"]
[BlackElo "2332"]
[Result "0-1"]
[PlyCount "62"]
[EventDate "2012.07.15"]

1. f4 d5 2. e3 g6 3. Nf3 Bg7 4. Be2 Nf6 5. O-O O-O 6. d3 c5 7. Nc3 Nc6 8. e4 d4
9. Nb1 Ng4 10. Na3 Rb8 11. h3 Ne3 12. Bxe3 dxe3 13. c3 e5 14. fxe5 Nxe5 15. Nc2
b5 16. Nxe3 b4 17. Qc2 Be6 18. Nxe5 Bxe5 19. Bg4 Qg5 20. Rae1 Bg3 21. Re2 Bf4
22. Rfe1 bxc3 23. bxc3 h5 24. Bxe6 fxe6 25. Nf1 Be5 26. Nh2 Rf7 27. Qc1 Qg3 28.
Nf1 Rxf1+ 29. Rxf1 Qh2+ 30. Kf2 Rf8+ 31. Ke1 Rxf1+ 0-1

[Event "C.to Italiano Semifinale"]
[Site "Civitanova Marche ITA"]
[Date "2012.07.18"]
[Round "5"]
[White "Parrella, Alfredo"]
[Black "Lapenna, Antonio"]
[WhiteElo "2101"]
[BlackElo "2207"]
[Result "0-1"]
[PlyCount "88"]
[EventDate "2012.07.15"]

1. c4 c5 2. g3 Nc6 3. Bg2 g6 4. Nc3 Bg7 5. Nf3 e5 6. O-O Nge7 7. a3 O-O 8. Rb1
a5 9. Ne1 d6 10. Nc2 Be6 11. Ne3 Qd7 12. Ned5 Nc8 13. d3 f5 14. Bd2 Rb8 15. b4
axb4 16. axb4 cxb4 17. Nxb4 N8e7 18. Ncd5 h6 19. Nb6 Qd8 20. N4d5 Kh7 21. e3 g5
22. f4 gxf4 23. gxf4 Bf7 24. Be1 Ng6 25. Bg3 Nce7 26. h3 Be8 27. Nxe7 Nxe7 28.
Nd5 Nxd5 29. Bxd5 b5 30. Rf2 bxc4 31. dxc4 e4 32. Ra2 Qc7 33. Rg2 Bh5 34. Qxh5
Rxb1+ 35. Kh2 Rb2 36. Rxb2 Bxb2 37. Bh4 Bg7 38. Be6 Qa5 39. Be7 Qd2+ 40. Kh1
Qe1+ 41. Kg2 Qd2+ 42. Kh1 Ra8 43. Bxf5+ Kh8 44. Bf6 Qe1+ 0-1

[Event "C.to Italiano Semifinale"]
[Site "Civitanova Marche ITA"]
[Date "2012.07.18"]
[Round "5"]
[White "Rambaldi, Francesco"]
[Black "Scalcione, Michelangelo"]
[WhiteElo "2257"]
[BlackElo "2346"]
[Result "1/2-1/2"]
[PlyCount "83"]
[EventDate "2012.07.15"]

1. d4 d6 2. Nf3 Nf6 3. c4 g6 4. Nc3 Bf5 5. Qb3 Qc8 6. h3 Nc6 7. g4 Bd7 8. e4 e5
9. dxe5 dxe5 10. Be3 Bg7 11. O-O-O O-O 12. Kb1 Re8 13. Qc2 Nb4 14. Qd2 Bc6 15.
Nd5 a5 16. Bd3 Nfxd5 17. cxd5 Bxd5 18. exd5 Nxd3 19. Qxd3 e4 20. Qe2 exf3 21.
Qxf3 Qd7 22. h4 Qa4 23. Rc1 Qb5 24. Rc2 Rad8 25. h5 Rxd5 26. hxg6 hxg6 27. Qh3
Red8 28. Qh7+ Kf8 29. Rhc1 g5 30. b3 c6 31. Rc4 a4 32. Rxa4 Qe2 33. Qc2 Qf3 34.
a3 Qf6 35. Ka2 Rd1 36. Rxd1 Rxd1 37. Ra8+ Rd8 38. Rxd8+ Qxd8 39. Qf5 Bf6 40. f4
gxf4 41. Qxf4 Kg8 42. Bc1 1/2-1/2

[Event "C.to Italiano Semifinale"]
[Site "Civitanova Marche ITA"]
[Date "2012.07.18"]
[Round "5"]
[White "Rettore, Ludwig"]
[Black "Gilevych, Artem"]
[WhiteElo "2119"]
[BlackElo "2303"]
[Result "0-1"]
[PlyCount "50"]
[EventDate "2012.07.15"]

1. d4 d5 2. e3 c6 3. f4 Bf5 4. Nf3 e6 5. Be2 Bd6 6. O-O Nd7 7. c4 h6 8. Nc3
Ngf6 9. Ne5 O-O 10. Bd2 Ne4 11. Nxe4 Bxe4 12. Be1 Bxe5 13. fxe5 Qg5 14. g3
Qxe3+ 15. Bf2 Qg5 16. h4 Qe7 17. c5 f6 18. exf6 Rxf6 19. Qb3 Rg6 20. Kh2 Nf6
21. Be3 Ng4+ 22. Bxg4 Rxg4 23. Bf4 Rf8 24. Rae1 Rfxf4 25. Rxf4 Rxf4 0-1